| 000 | 00462nam a22001697a 4500 | ||
|---|---|---|---|
| 999 |
_c40568 _d40568 |
||
| 003 | OSt | ||
| 005 | 20210204105644.0 | ||
| 008 | 191011b ||||| |||| 00| 0 eng d | ||
| 020 | _a9789352827756 | ||
| 040 | _coclc | ||
| 082 |
_a894.8123 _bUNN/P |
||
| 100 |
_aUnni, R _98016 |
||
| 245 |
_aPrathi Poovan Kozhi / _cUnni R |
||
| 260 |
_aKottayam: _bD C Books, _c2019. |
||
| 300 | _a85p | ||
| 942 |
_2ddc _cBK _h894.8123 _iUNN/P _k894.8123 _mUNN/P |
||